Emmy: Lead Actress in a Comedy (1980s) Quiz Stats

 Plays Quiz not verified by Sporcle

Challenge
Share
Tweet
Embed
Score 0/52 Timer 05:00
0 Plays Today
Year Actor % Correct
1983Shelley Long (winner)
93.3%
1984Shelley Long
93.3%
1985Shelley Long
93.3%
1986Shelley Long
93.3%
1986Betty White (winner)
91.7%
1986Bea Arthur
91.7%
1987Bea Arthur
91.7%
1987Betty White
91.7%
1988Bea Arthur (winner)
91.7%
1988Betty White
91.7%
1989Bea Arthur
91.7%
1989Betty White
91.7%
1984Jane Curtin (winner)
90%
1985Jane Curtin (winner)
90%
1987Jane Curtin
90%
1988Kirstie Alley
90%
1985Phylicia Ayers-Allen
86.7%
1986Phylicia Rashad
86.7%
1989Candice Bergen (winner)
86.7%
1987Rue McLanahan (winner)
83.3%
1986Rue McClanahan
81.7%
1988Rue McClanahan
81.7%
1989Rue McClanahan
81.7%
1980Katherine Helmond
76.7%
1980Isabel Sanford
76.7%
1981Isabel Sanford (winner)
76.7%
Year Actor % Correct
1981Katherine Helmond
76.7%
1982Nell Carter
76.7%
1982Isabel Sanford
76.7%
1983Nell Carter
76.7%
1983Isabel Sanford
76.7%
1984Isabel Sanford
76.7%
1985Isabel Sanford
76.7%
1982Carol Kane (winner)
73.3%
1984Susan Saint James
73.3%
1985Susan Saint James
73.3%
1987Blair Brown
70%
1988Blair Brown
70%
1989Blair Brown
70%
1982Charlotte Rae
65%
1982Bonnie Franklin
60%
1980Cathryn Damon (winner)
58.3%
1981Cathryn Damon
58.3%
1980Polly Holliday
55%
1982Swoozie Kurtz
43.3%
1983Swoozie Kurtz
43.3%
1981Lynn Redgrave
36.7%
1984Joanna Cassidy
33.3%
1983Rita Moreno
30%
1980Sheree North
28.3%
1981Eileen Brennan
28.3%
1983Mariette Hartley
26.7%

You're not logged in!

Compare scores with friends on all Sporcle quizzes.
OR
Log In

You Might Also Like...

Show Comments

Extras

Created Apr 12, 2017ReportNominate
Tags:1980s, Primetime Emmy

Top Quizzes Today


Score Distribution

Your Account Isn't Verified!

In order to create a playlist on Sporcle, you need to verify the email address you used during registration. Go to your Sporcle Settings to finish the process.

Report this User

Report this user for behavior that violates our Community Guidelines.

Details: